00389nam a2200157Ia 45000010006000000050017000060080041000230410008000640820017000721000034000892450055001232600009001783000028001876500008002156540008002231890720260306171705.0260306s9999||||xx |||||||||||||| ||und|| aESP a658.562bC68 aCortés, Enrique ClavereAUT 0aGestión de la calidad y gestión medioambiental c2011 a354 páginas :c24 cm. aGEN aCAN